000 01105cam a2200361 a 4500
001 78567
005 20230410115831.0
008 081030s2008 fr 000 0 fre
010 _a 2008506091
035 _a(OCoLC)ocn269436943
040 _aDLC
_cDLC
_dTZT
_dAUXAM
_dMUQ
020 _a9782246748014
020 _a2246748011
029 1 _aTZT
_bJTL00235137
029 1 _aAUXAM
_bAAL0430543-0001
035 _a(OCoLC)269436943
050 1 4 _aHM851
_b.B48 2008
072 7 _aHE
_2lcco
082 1 4 _a380
_21
100 1 _aBesson, âEric,
_d1958-
245 1 3 _aLa république numérique /
_cEric Besson.
260 _aParis :
_bGrasset,
_cc2008.
300 _a91 p. ;
_c18 cm.
650 0 _aInternet
_xSocial aspects.
653 _aEssay On Numerical Revolution - Internet - Sociology.
650 6 _aSociété informatisé
650 6 _aInternet
_xAspect social.
650 6 _aInternet
_xAspect politique.
938 _aJean Touzot Libraire Editeur
_bTOUZ
_nJTL00235137
_c9 EUR
938 _aAux Amateurs de Livres
_bAUXA
_nAAL0430543-0001
_c9,00 EUR
942 _2lcc
_cbk
994 _aC0
_bDRFGD
999 _c48867
_d48867